Science Quiz

Random Science Quiz
Score 0/67 Timer 20:00
0 Plays Today
Brand Drug Class % Correct
NovologHormone
90%
Folic AcidVitamin
87.5%
LantusHormone
87.5%
LevaquinFluoroquinolone
85%
Veetids/PenVeeKPenicillin
85%
VibramycinTetracycline
85%
AndrogelHormone
85%
HumalogHormone
85%
HumulinHormone
85%
CiproFluoroquinolone
82.5%
ValtrexAntiviral
82.5%
Armour ThyroidThyroid hormone
82.5%
LevemirHormone
82.5%
TamifluAntiviral
80%
SynthroidThyroid hormone
77.5%
ZoviraxAntiviral
75%
EstraceEstrogen
75%
PremarinEstrogen
75%
ProveraProgesterone
75%
Vivelle-DotEstrogen
75%
Amoxil/TrimoxAminopenicillin
72.5%
AveloxFluoroquinolone
72.5%
BiaxinMacrolide
72.5%
Zithromax/ZmaxMacrolide
72.5%
Retin ARetinoid
72.5%
KeflexCephalosporin
70%
PrometriumProgesterone
70%
Bactrim DSSulfonamide
67.5%
MacrodantinNitrofuran
67.5%
Phenergan with codeineAntihistamine antitussive
67.5%
TessalonNon-narcotic antitussive
67.5%
Clarvaris/SotretRetinoid
67.5%
KenalogSteroid
67.5%
AmarylSulfonylurea
67.5%
Brand Drug Class % Correct
GlucotrolSulfonylurea
67.5%
AugmentinAminopenicillin betalactamase inhibitor
65%
MacrobidNitrofuran
65%
FosamaxBisphosphonate
65%
TussionexAntihistamine antitussive
62.5%
BonivaBisphosphonate
62.5%
GlucophageBiguanide
62.5%
Micronase/DiabetaSulfonylurea
62.5%
FlagylNitroimidazole
60%
CarduraAlpha blocker
60%
Patanol/PatadayAntihistamine
60%
DiflucanTriazole Antifungal
57.5%
DetrolAnticholinergic
57.5%
FlomaxAlpha blocker
57.5%
CialisSelective phosphodiesterase type 5 inhibitor
57.5%
ViagraSelective phosphodiesterase type 5 inhibitor
55%
CleocinLincosamide
52.5%
DitropanAnticholinergic
52.5%
BactrobanTopical antimicrobial agent
50%
EnablexAnticholinergic
50%
VistarilAntihistamine
50%
NystopPolyene Antifungal
47.5%
Travatan ZProstaglandin
47.5%
LotrisoneSteroid antifungal
42.5%
VesicareMuscarinic receptor antagonist
40%
LamisilAllylamine antifungal
40%
ByettaGlucagon like peptide 1 receptor agonist
40%
ElidelTopical immunomodulator
37.5%
VictozaGlucagon like peptide 1 receptor agonist
35%
EvistaSelective estrogen receptor modulator
32.5%
ActosThiazolidinediones
30%
Proscar5 alpha reductase inhibitor
27.5%
JanuviaDipeptidyl peptidase IV inhibitor
22.5%
Remove Ads.
Support Sporcle.
Get the best of Sporcle when you Go Orange. This ad-free experience offers more features, more stats, and more fun while also helping to support Sporcle. Thank you for becoming a member.

You're not logged in!

Compare scores with friends on all Sporcle quizzes.
OR
Log In

Show Comments

Extras

Created Oct 1, 2013ReportNominate
Tags:200, brand, class, Drug, fall, Top 200

Top Quizzes Today


Score Distribution

Your Account Isn't Verified!

In order to create a playlist on Sporcle, you need to verify the email address you used during registration. Go to your Sporcle Settings to finish the process.

Report this User

Report this user for behavior that violates our Community Guidelines.

Details: